000 01497nam a22002777a 4500
005 20170124103131.0
010 _aA-912827
020 _c00.00
_a8174871101
035 _aA-912827
037 _bCen Lib/Ret
040 _aDPL
_bHN
082 _a301.095454
_bगुप्तन
100 _aगुप्त, नत्थू लाल
_97767
245 _aभारतीय संस्कृति को उड़ीसा की देन /
_cनत्थू लाल गुप्त, शंकर लाल पुरोहित [और] अशोक पाण्डेय
246 _aBhartiye sanskriti ko udeesa ki den /
_bby Natthu Lal Gupta , Shankar Lal Purohit [aur] Ashok Pandey
260 _aनई दिल्ली
_bराधा पब्लिकेशन्स
_c1997
270 _a4378/4B, अंसारी रोड, दरियागंज
_bनई दिल्ली
_e110002
300 _axii,289पृ.
_c20सेमी(सजिल्द)
650 _aउड़ीसा -- भाषा व साहित्य
_984186
650 _aउड़ीसा -- प्रमुख धार्मिक सम्प्रदाय
_984187
650 _aOrissa - Language and Literature
_984188
650 _aOrissa - major religious denomination
_984189
700 _aपुरोहित, शंकर लाल
_984190
700 _aपाण्डेय, अशोक
_984191
942 _2ddc
_cHN
_h301.095454
_mगुप्तन
999 _c119285
_d119285